<?xml version="1.0" encoding="UTF-8"?>
<collection xmlns="http://www.loc.gov/MARC21/slim">
 <record>
  <leader>01370nam a2200217Ia 4500</leader>
  <controlfield tag="001">TDMU_16924</controlfield>
  <controlfield tag="008">210410s9999    xx            000 0 und d</controlfield>
  <datafield tag="082" ind1=" " ind2=" ">
   <subfield code="a">332.1</subfield>
  </datafield>
  <datafield tag="090" ind1=" " ind2=" ">
   <subfield code="b">NG527</subfield>
  </datafield>
  <datafield tag="100" ind1=" " ind2=" ">
   <subfield code="a">Nguyễn, Minh Kiều</subfield>
  </datafield>
  <datafield tag="245" ind1=" " ind2="0">
   <subfield code="a">Nghiệp vụ ngân hàng hiện đại</subfield>
  </datafield>
  <datafield tag="245" ind1=" " ind2="0">
   <subfield code="c">Nguyễn Minh Kiều</subfield>
  </datafield>
  <datafield tag="260" ind1=" " ind2=" ">
   <subfield code="a">H.</subfield>
  </datafield>
  <datafield tag="260" ind1=" " ind2=" ">
   <subfield code="b">Lao động - Xã hội</subfield>
  </datafield>
  <datafield tag="260" ind1=" " ind2=" ">
   <subfield code="c">2012</subfield>
  </datafield>
  <datafield tag="300" ind1=" " ind2=" ">
   <subfield code="a">1504tr.</subfield>
  </datafield>
  <datafield tag="520" ind1=" " ind2=" ">
   <subfield code="a">Nội dung gồm các phần sau: Phần 1: Tổng quan về hoạt động của ngân hàng thương mại ; Phần 2: Nghiệp vụ huy động vốn ; Phần 3: Nghiệp vụ cấp tín dụng doanh nghiệp ; Phần 4: Nghiệp vụ đầu tư và kinh doanh chứng khoán ; Phần 5: Nghiệp vụ kinh doanh ngoại hối ; Phần 6: Nghiệp vụ quản lý rủi ro ; Phần 7: Nghiệp vụ thanh toán và chuyển tiền ; Phần 8: Các nghiệp vụ ngân hàng khác.; TM tài liệu tham khảo tr.1501-1504</subfield>
  </datafield>
  <datafield tag="650" ind1=" " ind2=" ">
   <subfield code="a">Ngân hàng và nghiệp vụ ngân hàng</subfield>
  </datafield>
  <datafield tag="700" ind1=" " ind2=" ">
   <subfield code="a">Đại học Mở TP.Hồ Chí Minh và Chương trình giảng dạy Kinh tế Fulbright</subfield>
  </datafield>
  <datafield tag="856" ind1=" " ind2=" ">
   <subfield code="u">http://lrc.tdmu.edu.vn/opac/search/detail.asp?aID=2&amp;ID=16924</subfield>
  </datafield>
  <datafield tag="980" ind1=" " ind2=" ">
   <subfield code="a">Trung tâm Học liệu Trường Đại học Thủ Dầu Một</subfield>
  </datafield>
 </record>
</collection>
